Investing in private renting (Record no. 112970)
[ view plain ]
| 000 -LEADER | |
|---|---|
| fixed length control field | 01277cad a22002055a 4500 |
| 001 - CONTROL NUMBER | |
| control field | L154395 |
| 008 - FIXED-LENGTH DATA ELEMENTS--GENERAL INFORMATION | |
| fixed length control field | 111123s2011 xxk f 000 0 eng d |
| 035 ## - SYSTEM CONTROL NUMBER | |
| System control number | (Sirsi) u154395 |
| 041 0# - LANGUAGE CODE | |
| Language code of text/sound track or separate title | eng |
| 100 1# - MAIN ENTRY--PERSONAL NAME | |
| Personal name | Ball, Michael |
| 245 00 - TITLE STATEMENT | |
| Title | Investing in private renting |
| Remainder of title | landlord returns, taxation and the future of the private rented sector |
| Medium | [electronic resource] |
| 260 ## - PUBLICATION, DISTRIBUTION, ETC. | |
| Place of publication, distribution, etc. | Manchester |
| Name of publisher, distributor, etc. | Residential Landlords Association |
| Date of publication, distribution, etc. | 2011 |
| 505 2# - FORMATTED CONTENTS NOTE | |
| Formatted contents note | Is all as well with the private sector as it seems? -- Who rents and how is it changing? -- Supply after the boom -- Rental property portfolios and landlord finances -- Investment returns in residential property -- Policy reforms to improve the supply of rented accommodation |
| 520 ## - SUMMARY, ETC. | |
| Summary, etc. | Research based on results of a survey of 200 UK residential landlords revenues and costs to provide a detailed analysis of landlord returns. Viable landlord returns in the UK occur only when house prices or rents are rising fast, because of the high cost and tax burdens that landlords face. |
| 590 ## - LOCAL NOTE (RLIN) | |
| Local note | KA |
| 651 #4 - SUBJECT ADDED ENTRY--GEOGRAPHIC NAME | |
| Geographic name | United Kingdom |
| Chronological subdivision | |
| 690 ## - LOCAL SUBJECT ADDED ENTRY--TOPICAL TERM (OCLC, RLIN) | |
| Topical term or geographic name as entry element | PROPERTY-RESIDENTIAL PROPERTY-RESIDENTIAL PROPERTY MARKET |
| 856 40 - ELECTRONIC LOCATION AND ACCESS | |
| Uniform Resource Identifier | <a href="https://www.rla.org.uk">https://www.rla.org.uk</a> |
| Public note | View the report free of charge after free registration at www.rla.org.uk |
| 942 ## - ADDED ENTRY ELEMENTS (KOHA) | |
| Suppress in OPAC | 0 |
| Withdrawn status | Lost status | Source of classification or shelving scheme | Damaged status | Not for loan | Home library | Current library | Shelving location | Date acquired | Total Checkouts | Full call number | Barcode | Date last seen | Copy number | Price effective from | Koha item type |
|---|---|---|---|---|---|---|---|---|---|---|---|---|---|---|---|
| Dewey Decimal Classification | Virtual | Virtual | Online | 23/11/2011 | ONLINE PUBLICATION | 154395-2001 | 06/08/2019 | 1 | 06/08/2019 | Book |